| 000 | 00796nam a2200253Ia 4500 | ||
|---|---|---|---|
| 003 | GCL | ||
| 008 | 140319s9999 xx 000 0 ara d | ||
| 040 |
_aGCL / _cGCL |
||
| 082 | 0 | 4 |
_a339.49 _bا ا |
| 100 | 1 | _aمختار السويفى | |
| 245 | 1 | 0 |
_aاقتصاديات النقل البحرىTHE ECNOMICS OF SEA TRANSPORT / _cمختار السويفى |
| 700 | 1 | _aاولولين , كارلين | |
| 260 |
_a[S.N] : _bمطابع مدكور ، _c1979 |
||
| 300 | _a398 ص | ||
| 490 | _a | ||
| 650 | 0 | 4 | _aالاقتصاد |
| 650 | 0 | 4 | _aالاجتماع |
| 650 | 0 | 4 | _aالموانئ |
| 650 | 0 | 4 | _aحفظ وصيانة الموارد |
| 650 | 0 | 4 | _aالاسطول التجارى |
| 650 | 0 | 4 | _aالتجارة الدولية |
| 650 | 0 | 4 | _aالاقتصاد البحرى |
| 942 |
_2ddc _cBK |
||
| 999 |
_c29695 _d29695 |
||